MOKSH (Record no. 30788)

MARC details
000 -LEADER
fixed length control field 00320nam a2200133Ia 4500
008 - FIXED-LENGTH DATA ELEMENTS--GENERAL INFORMATION
fixed length control field 240624s9999 xx 000 0 und d
041 ## - LANGUAGE CODE
Language code of text/sound track or separate title eng
082 ## - DEWEY DECIMAL CLASSIFICATION NUMBER
Classification number 891.46 SAR
100 ## - MAIN ENTRY--PERSONAL NAME
Personal name TEJPARKHI SIRSHREE
245 ## - TITLE STATEMENT
Title MOKSH
260 ## - PUBLICATION, DISTRIBUTION, ETC.
Date of publication, distribution, etc. 2011
Place of publication, distribution, etc. Pune
Name of publisher, distributor, etc. Wow Publishing Pvt. Ltd.
300 ## - PHYSICAL DESCRIPTION
Extent 244 p.; 23 cm.
365 ## - TRADE PRICE
Currency code RS
Price amount 20
Holdings
Withdrawn status Lost status Damaged status Not for loan Home library Current library Shelving location Date acquired Cost, normal purchase price Total Checkouts Full call number Barcode Date last seen Date last checked out Copy number Price effective from Koha item type
        IMTN IMTN Rack 43-A 06/08/2018 150.00 1 891.46 SAR 30788 12/10/2025 11/25/2025 1 06/24/2024 Books
Designed & Maintained by: LRC IMT Nagpur Contact: lrc@imtnag.ac.in© 2024. All Rights Reserved.